Croissance interne et croissance externe des entreprises <L'> exemple francais de la periode recente

Saved in:
Bibliographic Details
Main Author: Paturel, Robert
Format: Book
Language:French
Published: Grenoble Université des sciences sociales 1978
Tags: Add Tag
No Tags, Be the first to tag this record!

MARC

LEADER 00000nam a2200000 4500
001 c106979
005 20041019155138.8
041 0 |a fre 
044 |a FR 
245 1 0 |a Croissance interne et croissance externe des entreprises  |b <L'> exemple francais de la periode recente  |c Robert Paturel 
264 1 |a Grenoble  |b Université des sciences sociales  |c 1978 
300 |a 668 s. 
100 1 |a Paturel, Robert